[Event "Chigorin Mem Blitz 2015"]
[Site "St Petersburg RUS"]
[Date "2015.10.02"]
[Round "3.1"]
[White "Arslanov, Shamil"]
[Black "Alekseev, Evgeny"]
[Result "0-1"]
[WhiteTitle "IM"]
[BlackTitle "GM"]
[WhiteElo "2416"]
[BlackElo "2642"]
[WhiteFideId "4192826"]
[BlackFideId "4138147"]
[EventDate "2015.10.02"]

1. d4 Nf6 2. c4 e6 3. g3 c5 4. Nf3 cxd4 5. Nxd4 Qc7 6. b3 a6 7. Bg2 Bb4+ 8. Bd2
Be7 9. O-O Nc6 10. Bc3 O-O 11. Nd2 d6 12. Rc1 Bd7 13. Ne4 Nxe4 14. Bxe4 Ne5 15.
Nf3 Ng6 16. Qd2 f5 17. Bb1 b6 18. h4 Rad8 19. h5 Ne5 20. Nxe5 dxe5 21. Qe3 e4
22. Rfd1 Bc6 23. Qf4 Bd6 24. Qg5 Rd7 25. b4 Qd8 26. Qe3 f4 27. Qd2 e3 28. Qd3
exf2+ 29. Kxf2 fxg3+ 30. Kg1 Rf5 31. c5 Qh4 0-1

[Event "Chigorin Mem Blitz 2015"]
[Site "St Petersburg RUS"]
[Date "2015.10.02"]
[Round "3.2"]
[White "Andriasian, Zaven"]
[Black "Kotlyar, Kirill"]
[Result "1/2-1/2"]
[WhiteTitle "GM"]
[BlackTitle "FM"]
[WhiteElo "2591"]
[BlackElo "2370"]
[WhiteFideId "13302000"]
[BlackFideId "24145599"]
[EventDate "2015.10.02"]

1. e4 c5 2. Nc3 a6 3. g3 b5 4. Bg2 Bb7 5. d3 e6 6. f4 d5 7. exd5 exd5 8. Nf3 Nf6
9. O-O Be7 10. f5 O-O 11. Bf4 Nc6 12. Qd2 b4 13. Ne2 Nh5 14. Rae1 Nxf4 15. Nxf4
Bf6 16. c3 Ne7 17. g4 bxc3 18. bxc3 Qa5 19. Rc1 d4 20. g5 dxc3 21. Qe1 Bd4+ 22.
Nxd4 Bxg2 23. Nb3 Qxa2 24. Nxg2 Nd5 25. Nxc5 Rfe8 26. Ne4 Rab8 27. Qg3 Rb2 28.
Nxc3 Nxc3 29. Rxc3 Qd5 30. Rcc1 a5 31. Rce1 Reb8 32. g6 fxg6 33. fxg6 h6 34. Qf3
Qd8 35. Qf7+ Kh8 36. Kh1 a4 37. Re4 a3 38. Ref4 Qg8 39. Qxg8+ Rxg8 40. Ra4 a2
41. Kg1 Re8 42. Ra7 Kg8 43. Nf4 Rf8 44. Ra4 Rb1 45. Rxa2 Rxf1+ 46. Kxf1 Rxf4+
47. Ke2 Kf8 48. Ra8+ Ke7 49. Ra7+ Kf8 50. Ra6 Rh4 51. Ke3 Rxh2 52. d4 Rh1 53. d5
h5 54. d6 Ke8 55. Ra7 Rd1 56. Re7+ Kf8 57. Rf7+ Ke8 58. Rxg7 Rxd6 59. Kf4 Kf8
60. Rf7+ Kg8 61. Kg5 h4 62. Rh7 h3 63. Rxh3 Rd8 64. Kh6 Ra8 65. Rf3 Rb8 66. Rf6
Rc8 67. Rd6 Rb8 68. Rd7 Ra8 69. Rg7+ Kh8 70. Rh7+ Kg8 71. Rd7 Rb8 72. Rd6 Ra8
73. Kg5 Ra5+ 74. Kf6 Ra8 75. g7 Rb8 76. Kg6 Rb6 77. Rf6 Rb8 1/2-1/2

[Event "Chigorin Mem Blitz 2015"]
[Site "St Petersburg RUS"]
[Date "2015.10.02"]
[Round "3.3"]
[White "Volodin, Aleksandr"]
[Black "Demchenko, Anton"]
[Result "0-1"]
[WhiteTitle "GM"]
[BlackTitle "GM"]
[WhiteElo "2491"]
[BlackElo "2595"]
[WhiteFideId "4501950"]
[BlackFideId "4160258"]
[EventDate "2015.10.02"]

1. d4 Nf6 2. Bg5 g6 3. Bxf6 exf6 4. g3 d5 5. Bg2 c6 6. e3 Bd6 7. Ne2 O-O 8. Nd2
Nd7 9. O-O f5 10. c4 dxc4 11. Nxc4 Bc7 12. b4 Nb6 13. Nxb6 axb6 14. Nc3 Be6 15.
a4 Bd6 16. Rb1 Qe7 17. b5 c5 18. Qf3 Ra7 19. Rfd1 Rd8 20. Rd2 cxd4 21. Rxd4 Be5
22. Rxd8+ Qxd8 23. Rd1 Qf8 24. Nd5 Qc5 25. e4 Rxa4 26. exf5 Bxf5 27. Re1 Ra1 28.
Rxa1 Bxa1 29. Qe2 Be6 30. Qd3 Bd4 31. Ne3 Kg7 32. Bf1 h5 33. h4 Bd7 34. Qe2 0-1

[Event "Chigorin Mem Blitz 2015"]
[Site "St Petersburg RUS"]
[Date "2015.10.02"]
[Round "3.4"]
[White "Lintchevski, Daniil"]
[Black "Levin, Evgeny A."]
[Result "1/2-1/2"]
[WhiteTitle "GM"]
[BlackTitle "GM"]
[WhiteElo "2562"]
[BlackElo "2508"]
[WhiteFideId "4171055"]
[BlackFideId "4182596"]
[EventDate "2015.10.02"]

1. e4 Nf6 2. e5 Nd5 3. d4 d6 4. Nf3 dxe5 5. Nxe5 c6 6. Be2 Nd7 7. Nf3 N7f6 8.
O-O Bf5 9. c4 Nb6 10. Nc3 e6 11. Nh4 Bg6 12. Be3 Be7 13. g3 O-O 14. Nxg6 hxg6
15. Qb3 Qd7 16. Rad1 Rfd8 17. Bf3 Qc7 18. Bf4 Qd7 19. Rfe1 Bf8 20. Kg2 Re8 21.
a4 Rad8 22. a5 Nc8 23. Na4 b6 24. axb6 axb6 25. Nxb6 Qb7 26. c5 Nd5 27. Bxd5
Rxd5 28. Re3 Nxb6 29. Qxb6 Qd7 30. b4 g5 31. Bc7 Rc8 32. Be5 f6 33. Bd6 Bxd6 34.
cxd6 Rxd6 35. Rde1 c5 36. Qa5 cxd4 37. Rd3 e5 38. b5 Rd5 39. Rb1 Rb8 40. Rdb3
Kh7 41. Qb4 Qb7 42. Kg1 d3 43. Qd2 Rbd8 44. b6 R8d6 45. Rb4 Rc6 46. R4b2 Rdd6
47. h3 Rxb6 48. Rxb6 Rxb6 49. Qxd3+ Kh6 50. Rd1 Rb2 51. Qf5 Qb6 52. Qf3 Rb1 53.
Rxb1 Qxb1+ 54. Kg2 Qc2 55. Qa8 Kh7 56. Qf3 Qc8 57. Qe4+ Kh8 58. Qd5 Qf5 59. Qd8+
Kh7 60. Qd5 Kg6 61. Qa8 Qe6 62. Qe4+ Kh6 63. h4 gxh4 64. Qxh4+ Kg6 65. Qe4+ Kf7
66. Qa8 Qd7 67. Qf3 f5 68. Qh5+ Kf6 69. Qh4+ Kg6 70. Qc4 Qd6 71. Qc8 Qd5+ 72.
Kg1 Qd1+ 73. Kg2 Qd5+ 74. Kg1 e4 75. Qe8+ Kf6 76. Qf8+ Qf7 77. Qd6+ Qe6 78. Qd4+
Kg6 79. Kg2 Qc6 80. Kg1 Qf6 81. Qd5 Kh7 82. Kg2 g6 83. Qd7+ Kh6 84. Qd2+ Kg7 85.
Qd7+ Qf7 86. Qd4+ Kh7 87. Qe5 Qb7 88. Kg1 Qf7 89. g4 Qd7 90. gxf5 Qd1+ 91. Kg2
Qg4+ 92. Kf1 Qxf5 93. Qg3 g5 94. Qd6 Qg6 95. Qe5 g4 96. Kg2 Kh6 97. Kg3 Qg5 98.
Qxe4 Qf6 99. Qxg4 Qa1 100. Qh4+ Kg6 101. Qg4+ Kh6 102. Kg2 Qa8+ 103. Qf3 Qa1
104. Qe4 Kg7 105. f4 Qa3 106. Kf2 Qb3 107. Qd4+ Kg6 108. Qe4+ Kg7 109. Qf5 Qa3
110. Qg5+ Kf7 111. f5 Qb2+ 112. Kf3 Qc3+ 113. Kg4 Qc4+ 114. Kg3 Qd3+ 115. Kh4
Qe4+ 116. Kg3 Qd3+ 117. Kf2 Qc2+ 118. Kf3 Qd3+ 119. Kg4 Qe4+ 120. Kh5 Qh1+ 121.
Qh4 Qxh4+ 122. Kxh4 Kf6 123. Kh3 Kxf5 1/2-1/2

[Event "Chigorin Mem Blitz 2015"]
[Site "St Petersburg RUS"]
[Date "2015.10.02"]
[Round "3.5"]
[White "Kalegin, Evgenij"]
[Black "Amonatov, Farrukh"]
[Result "0-1"]
[WhiteTitle "IM"]
[BlackTitle "GM"]
[WhiteElo "2444"]
[BlackElo "2591"]
[WhiteFideId "4103416"]
[BlackFideId "14700077"]
[EventDate "2015.10.02"]

1. e4 c5 2. Nf3 d6 3. c3 Nf6 4. h3 Bd7 5. Bd3 Bc6 6. Qe2 Nbd7 7. O-O e5 8. Bc2
a6 9. a4 b5 10. Na3 Rb8 11. d4 c4 12. d5 Ba8 13. axb5 axb5 14. b4 Be7 15. Be3
O-O 16. Nb1 Bb7 17. Nbd2 g6 18. Ra5 Bc8 19. Rfa1 Nh5 20. Bh6 Re8 21. Qe3 Bf6 22.
R1a3 Bg7 23. Bxg7 Kxg7 24. g3 h6 25. Nf1 Ndf6 26. Kh2 Nh7 27. Ra7 Ng5 28. Nxg5
hxg5 29. Bd1 Rh8 30. Bxh5 Rxh5 31. Qf3 Rxh3+ 32. Kg2 Bd7 33. Ne3 Rh7 34. R3a6
Kg8 35. Ng4 Bxg4 36. Qxg4 Qf6 37. f3 Kg7 38. Rd7 Rbh8 39. Kf2 Rh1 40. Ke3 R8h2
41. f4 exf4+ 42. gxf4 Qxc3# 0-1

[Event "Chigorin Mem Blitz 2015"]
[Site "St Petersburg RUS"]
[Date "2015.10.02"]
[Round "3.6"]
[White "Timofeev, Artyom"]
[Black "Duzhakov, Ilya"]
[Result "1-0"]
[WhiteTitle "GM"]
[BlackTitle "FM"]
[WhiteElo "2539"]
[BlackElo "2381"]
[WhiteFideId "4140419"]
[BlackFideId "4192516"]
[EventDate "2015.10.02"]

1. c4 Nf6 2. Nc3 e5 3. Nf3 Nc6 4. d3 Bb4 5. Bd2 O-O 6. g3 Re8 7. Bg2 a5 8. O-O
d6 9. a3 Bc5 10. Bg5 h6 11. Bxf6 Qxf6 12. Nd5 Qd8 13. e3 Ba7 14. b4 Ne7 15. Nd2
Nxd5 16. cxd5 Bf5 17. Qc2 Qd7 18. bxa5 Bc5 19. Nc4 c6 20. dxc6 bxc6 21. Nb6 Bxb6
22. axb6 d5 23. e4 Be6 24. Rfb1 Qb7 25. Qc5 Ra6 26. a4 d4 27. a5 Rea8 28. Qxe5 1-0

[Event "Chigorin Mem Blitz 2015"]
[Site "St Petersburg RUS"]
[Date "2015.10.02"]
[Round "3.7"]
[White "Kozionov, Kirill"]
[Black "Belous, Vladimir"]
[Result "0-1"]
[WhiteTitle "IM"]
[BlackTitle "GM"]
[WhiteElo "2409"]
[BlackElo "2566"]
[WhiteFideId "24101729"]
[BlackFideId "4174003"]
[EventDate "2015.10.02"]

1. e4 c5 2. Nf3 Nc6 3. d4 cxd4 4. Nxd4 e5 5. Nb5 d6 6. N1c3 a6 7. Na3 b5 8. Nd5
Nge7 9. c4 Nd4 10. Be3 Nxd5 11. cxd5 g6 12. Nc2 Bg7 13. Rc1 O-O 14. Nxd4 exd4
15. Bxd4 Qa5+ 16. Bc3 Bxc3+ 17. bxc3 f5 18. Qd2 fxe4 19. Be2 Rf5 20. Bg4 Re5 21.
Bxc8 Rxc8 22. O-O Rc5 23. Rfd1 Qa4 24. Qf4 Kg7 25. h4 Rcxd5 26. Rd4 Qxa2 27.
Rcd1 Rxd4 28. Rxd4 Qe6 29. Qd2 d5 30. Qa2 e3 31. fxe3 Rxe3 32. Rxd5 Rxc3 33. Qb2
Qe3+ 34. Kh2 Qg3+ 0-1

[Event "Chigorin Mem Blitz 2015"]
[Site "St Petersburg RUS"]
[Date "2015.10.02"]
[Round "3.8"]
[White "Maletin, Pavel"]
[Black "Gogin, Maksim"]
[Result "1-0"]
[WhiteTitle "GM"]
[WhiteElo "2581"]
[BlackElo "2220"]
[WhiteFideId "4146786"]
[BlackFideId "24195871"]
[EventDate "2015.10.02"]

1. c4 Nf6 2. g3 d6 3. Bg2 g6 4. Nc3 Bg7 5. d4 O-O 6. Nf3 Nc6 7. O-O a6 8. Bf4
Bd7 9. Qd2 Rb8 10. Rac1 b5 11. Nd5 bxc4 12. Nxf6+ Bxf6 13. Rxc4 Na7 14. Rfc1 c5
15. dxc5 Rxb2 16. R4c2 Rxc2 17. Qxc2 dxc5 18. Qxc5 Nb5 19. Ne5 Be8 20. Be3 Qd6
21. f4 Qxc5 22. Bxc5 Nd6 23. e4 Bb5 24. Ng4 Bb2 25. Rc2 Rc8 26. Ne3 Rxc5 27.
Rxb2 Kg7 28. Kf2 Rc3 29. Rb3 Rxb3 30. axb3 a5 31. e5 Nf5 32. Nc2 e6 33. Bf1 Bxf1
34. Kxf1 h5 35. Ke2 Kf8 36. Kd3 Ke7 37. Nd4 Nh6 38. Nc6+ Kd7 39. Nxa5 Ng4 40. h4
Nf2+ 41. Ke3 Nd1+ 42. Kd4 Kc7 43. Nc4 Nf2 44. Nd2 Kc6 45. Ne4 Ng4 46. Kc4 Ne3+
47. Kd3 Nf5 48. Kc4 Ne3+ 49. Kb4 Nf5 50. Ka5 Kd5 51. Nf6+ Kc6 52. Ne4 Kd5 53.
Nf6+ Kc6 54. b4 Nxg3 55. b5+ Kb7 56. Ne8 Kb8 57. b6 Nf5 58. Ka6 Nxh4 59. Nf6 Nf5
60. Nd7+ Kc8 61. b7+ 1-0

[Event "Chigorin Mem Blitz 2015"]
[Site "St Petersburg RUS"]
[Date "2015.10.02"]
[Round "3.10"]
[White "Eliseev, Urii"]
[Black "Pershin, Denis"]
[Result "1-0"]
[WhiteTitle "GM"]
[WhiteElo "2536"]
[BlackElo "2374"]
[WhiteFideId "24131920"]
[BlackFideId "24165506"]
[EventDate "2015.10.02"]

1. e4 c5 2. Nf3 Nc6 3. Nc3 d6 4. d4 cxd4 5. Nxd4 Nf6 6. Bg5 Qa5 7. Bxf6 gxf6 8.
Nb3 Qg5 9. Nd5 Rb8 10. f4 Qg6 11. Qf3 Bh6 12. Bd3 f5 13. O-O O-O 14. exf5 Bxf5
15. Kh1 Bxd3 16. cxd3 e6 17. Ne3 Qxd3 18. Rad1 Qb5 19. f5 Ne5 20. Qh3 Bxe3 21.
Qxe3 Kh8 22. Qg5 Nd7 23. Nd4 Qe5 24. Qh4 Rbe8 25. Rde1 Qf6 26. Qxf6+ Nxf6 27.
fxe6 fxe6 28. Rxe6 Ng4 29. Rxe8 Rxe8 30. h3 Ne5 31. Nb5 Nc4 32. b3 Nd2 33. Nxd6
Re6 34. Rf8+ Kg7 35. Rd8 h5 36. Kg1 Re2 37. Rd7+ Kg6 38. Rxb7 a5 39. Rb6 Kg5 40.
Rb5+ Kf4 41. Rf5+ Kg3 42. Rg5+ Kh4 43. Rg7 Re5 44. Kf2 Rd5 45. Nb7 Ne4+ 46. Ke3
Nf6 47. Rf7 Nd7 48. Nxa5 Ne5 49. Ra7 Ng6 50. Nc4 Rg5 51. Kf3 Rf5+ 52. Ke3 Rg5
53. Kf2 Rf5+ 54. Kg1 Nf4 55. Kh2 Ne2 56. Rg7 Rf1 57. g3+ Nxg3 58. Rxg3 Rf2+ 59.
Rg2 Rf3 60. Ne5 Rxh3+ 61. Kg1 Re3 62. Ng6+ Kh3 63. Nf4+ Kh4 64. Kf2 Rf3+ 65. Ke2
Rxf4 66. Kd3 Kh3 67. Rg5 h4 68. a4 Rg4 69. Rh5 Kg2 70. a5 h3 71. Kc3 h2 72. a6
Rg3+ 73. Kb2 Rh3 74. Rg5+ Kf3 75. Rf5+ Ke2 76. Re5+ Kf2 77. Rf5+ Kg2 78. a7 Rh8
79. Rg5+ Kf3 80. Rh5 Rxh5 81. a8=Q+ Kg3 82. Qh1 Rh4 83. Kc3 Rf4 84. b4 Rf2 85.
b5 Rg2 86. Qe1+ Kh3 87. b6 Rg1 88. Qe6+ Kg3 89. Qd6+ Kh3 90. Qh6+ Kg2 91. Qc6+
Kf2 92. Qc5+ Kg3 93. Qg5+ Kf2 94. Qf4+ Kg2 95. Qe4+ Kh3 96. b7 h1=Q 97. Qxh1+
Rxh1 98. b8=Q Rf1 99. Kd3 Rf2 100. Ke4 Kg2 101. Qb7 Kf1 102. Kd4 1-0

[Event "Chigorin Mem Blitz 2015"]
[Site "St Petersburg RUS"]
[Date "2015.10.02"]
[Round "3.11"]
[White "Rodin, Dmitrij"]
[Black "Popov, Valerij"]
[Result "0-1"]
[WhiteTitle "FM"]
[BlackTitle "GM"]
[WhiteElo "2378"]
[BlackElo "2525"]
[WhiteFideId "4127412"]
[BlackFideId "4119410"]
[EventDate "2015.10.02"]

1. e4 c6 2. d4 d5 3. e5 Bf5 4. Nf3 e6 5. Be2 Ne7 6. Nh4 Be4 7. Nc3 Ng6 8. Nxe4
Nxh4 9. Bg5 Nxg2+ 10. Kf1 Qb6 11. Nd6+ Bxd6 12. exd6 h6 13. Bc1 Nh4 14. Rg1 Nf5
15. Bf4 Nd7 16. Bd3 Qxd4 17. Qf3 g5 18. Bd2 Ne5 19. Qe2 Qxb2 20. Re1 Nxd3 21.
Qxd3 Qb5 22. Qxb5 cxb5 23. f4 gxf4 24. Bxf4 Kd7 25. Rb1 a6 26. a4 Rhg8 27. axb5
Rxg1+ 28. Kxg1 a5 29. Kf2 a4 30. Ke2 Nxd6 31. Kd3 h5 32. Kd4 f6 33. Kc5 Rc8+ 34.
Kb6 e5 35. Bd2 Rxc2 36. Bb4 d4 37. Bxd6 Kxd6 38. Kxb7 d3 39. b6 d2 40. Rd1 e4 0-1

[Event "Chigorin Mem Blitz 2015"]
[Site "St Petersburg RUS"]
[Date "2015.10.02"]
[Round "3.12"]
[White "Ganichev, Alexander"]
[Black "Zubritskiy, Artyom"]
[Result "1-0"]
[BlackTitle "FM"]
[WhiteElo "2225"]
[BlackElo "2422"]
[WhiteFideId "24143944"]
[BlackFideId "4181247"]
[EventDate "2015.10.02"]

1. e4 c5 2. Nf3 e6 3. d4 cxd4 4. Nxd4 a6 5. c4 Nf6 6. Nc3 d6 7. Be3 Be7 8. Be2
O-O 9. O-O Qc7 10. Rc1 b6 11. a3 Bb7 12. f3 Nbd7 13. Qd2 Rac8 14. b4 Rfe8 15.
Rfd1 Qb8 16. Nb3 Red8 17. Qe1 Re8 18. Qf2 Bd8 19. Na4 Ba8 20. c5 b5 21. Nb6 Nxb6
22. cxb6 Rxc1 23. Rxc1 Nd7 24. Na5 Bxb6 25. Bxb6 Nxb6 26. Qd4 e5 27. Qd2 Rc8 28.
Rc3 Rxc3 29. Qxc3 Qc8 30. Qxc8+ Nxc8 31. a4 bxa4 32. Bxa6 Nb6 33. Bd3 d5 34. b5
dxe4 35. fxe4 a3 36. Bb1 Bxe4 37. Bxe4 Nc4 38. Nb3 a2 39. Bd5 Ne3 40. b6 1-0

[Event "Chigorin Mem Blitz 2015"]
[Site "St Petersburg RUS"]
[Date "2015.10.02"]
[Round "4.1"]
[White "Alekseev, Evgeny"]
[Black "Rozum, Ivan"]
[Result "1-0"]
[WhiteTitle "GM"]
[BlackTitle "GM"]
[WhiteElo "2642"]
[BlackElo "2547"]
[WhiteFideId "4138147"]
[BlackFideId "24104272"]
[EventDate "2015.10.02"]

1. e4 c6 2. d3 d5 3. Nd2 g6 4. Ngf3 Bg7 5. d4 dxe4 6. Nxe4 Nd7 7. Bc4 Ngf6 8.
Nxf6+ Nxf6 9. O-O O-O 10. h3 b6 11. Qe2 Bb7 12. Re1 e6 13. Bg5 Qc7 14. Rad1 c5
15. Qe5 Nd5 16. Qxc7 Nxc7 17. dxc5 bxc5 18. Rd7 Rfc8 19. Bf4 Bd5 20. Nd2 Bxc4
21. Nxc4 Nd5 22. Be5 Nb6 23. Nxb6 axb6 24. Bxg7 Kxg7 25. Rxe6 Rxa2 26. Rxb6 Ra1+
27. Kh2 Rc1 28. c3 Rc2 29. Kg3 Re2 30. Kf3 Re5 31. g4 h5 32. Rbb7 hxg4+ 33. hxg4
Rf8 34. Re7 Rxe7 35. Rxe7 Rb8 36. Re2 Kf6 37. Kf4 g5+ 38. Ke4 Re8+ 39. Kf3 Rb8
40. Rd2 Ke5 41. Ke3 c4 42. Rd4 Rxb2 43. Rxc4 f6 44. Rc5+ Ke6 45. f3 Rc2 46. Kd4
Rc1 47. Rf5 Rd1+ 48. Kc5 Rd8 49. c4 Rc8+ 50. Kb4 Rb8+ 51. Kc3 Rb1 52. Kd4 Rc1
53. Kc5 Rc3 54. Kb5 Rb3+ 55. Kc6 1-0

[Event "Chigorin Mem Blitz 2015"]
[Site "St Petersburg RUS"]
[Date "2015.10.02"]
[Round "4.2"]
[White "Demchenko, Anton"]
[Black "Stupak, Kirill"]
[Result "1-0"]
[WhiteTitle "GM"]
[BlackTitle "GM"]
[WhiteElo "2595"]
[BlackElo "2531"]
[WhiteFideId "4160258"]
[BlackFideId "13503758"]
[EventDate "2015.10.02"]

1. e4 e6 2. d4 d5 3. Nd2 Nc6 4. Ngf3 Nf6 5. e5 Nd7 6. Bd3 f6 7. Ng5 Ndxe5 8.
dxe5 fxg5 9. Qh5+ g6 10. Bxg6+ Kd7 11. c4 Nxe5 12. Bc2 Bd6 13. O-O c6 14. b4 Qe8
15. Qe2 Rf8 16. b5 h6 17. Bb2 Ng6 18. g3 Qf7 19. Ba4 c5 20. b6+ Kd8 21. cxd5
axb6 22. Bb3 exd5 23. Rad1 Kc7 24. Ne4 Be6 25. Nxd6 Kxd6 26. Rfe1 Rae8 27. Qd2
Kc7 28. a4 d4 29. Rxe6 Rxe6 30. a5 Ne5 31. axb6+ Rxb6 32. Qc2 Rxb3 33. Qxc5+ Nc6
34. Bxd4 Kb8 35. Be3 Qc7 36. Qxf8+ Qc8 37. Qd6+ Qc7 38. Qxh6 b5 39. Rc1 Kb7 40.
Qxg5 Qf7 41. Qc5 Qe6 42. Qb6+ 1-0

[Event "Chigorin Mem Blitz 2015"]
[Site "St Petersburg RUS"]
[Date "2015.10.02"]
[Round "4.3"]
[White "Amonatov, Farrukh"]
[Black "Matsenko, Sergei"]
[Result "1-0"]
[WhiteTitle "GM"]
[BlackTitle "IM"]
[WhiteElo "2591"]
[BlackElo "2531"]
[WhiteFideId "14700077"]
[BlackFideId "4170083"]
[EventDate "2015.10.02"]

1. e4 e6 2. d4 d5 3. Nc3 Bb4 4. e5 Ne7 5. a3 Bxc3+ 6. bxc3 b6 7. Qg4 Ng6 8. h4
h5 9. Qg3 Ba6 10. Bxa6 Nxa6 11. Qd3 Nb8 12. Nf3 Qd7 13. c4 Nc6 14. O-O O-O-O 15.
c5 Na5 16. Bg5 Rdf8 17. Qa6+ Kb8 18. Rfb1 Nc4 19. Nd2 f6 20. Nxc4 dxc4 21. Be3
Qd5 22. g3 f5 23. a4 f4 24. a5 Qb7 25. Qxb7+ Kxb7 26. Bd2 fxg3 27. fxg3 Ne7 28.
cxb6 cxb6 29. Bb4 Rf7 30. axb6 axb6 31. Bxe7 Rxe7 32. Ra4 Rc8 33. Rab4 Rc6 34.
Kf2 c3 35. Ke3 Rf7 36. Ra1 Rc8 37. Rba4 Rcf8 38. Ra7+ Kc6 39. Rxf7 Rxf7 40. Ra3
Rf1 41. Rxc3+ Kd7 42. Ra3 Re1+ 43. Kf2 Re4 44. c3 Kc6 45. Ra7 Rg4 46. Re7 Kd5
47. Rd7+ Kc4 48. Rc7+ Kd3 49. Kf3 b5 50. Rc6 b4 51. cxb4 Kxd4 52. Rxe6 Kd5 53.
Re7 g6 54. b5 Rb4 55. Rg7 Rb3+ 56. Kg2 Rb2+ 57. Kh3 Kxe5 58. Rxg6 Ke4 59. Rg5 1-0

[Event "Chigorin Mem Blitz 2015"]
[Site "St Petersburg RUS"]
[Date "2015.10.02"]
[Round "4.4"]
[White "Golubov, Saveliy"]
[Black "Timofeev, Artyom"]
[Result "0-1"]
[WhiteTitle "IM"]
[BlackTitle "GM"]
[WhiteElo "2453"]
[BlackElo "2539"]
[WhiteFideId "24176729"]
[BlackFideId "4140419"]
[EventDate "2015.10.02"]

1. e4 c5 2. Nf3 d6 3. d4 cxd4 4. Nxd4 Nf6 5. f3 Nc6 6. c4 Nxd4 7. Qxd4 g6 8. Be3
Bg7 9. Qd2 O-O 10. Nc3 a5 11. b3 Bd7 12. Rc1 Bc6 13. Be2 Nd7 14. O-O Nc5 15. Rc2
Qb6 16. Rb1 Qb4 17. Qc1 Qb6 18. Qd2 Qb4 19. Qc1 Qb6 20. Bf1 e6 21. Qd2 Rfd8 22.
Kh1 Qb4 23. Qc1 Qb6 24. Qd2 Qb4 25. Qc1 Qb6 26. a3 Qc7 27. b4 axb4 28. axb4 Na4
29. Nb5 Qe7 30. Nd4 Be8 31. Qd2 Rdc8 32. Rd1 Be5 33. Nb3 b5 34. c5 dxc5 35. Nxc5
Rd8 36. Bd3 Nxc5 37. Bxc5 Qh4 38. Bg1 Bd4 39. Bxd4 Rxd4 40. Qc3 Rad8 41. Rcc1
Qf2 42. h3 Qe3 43. Qc7 Rxd3 44. Re1 Qd4 45. Rb1 Rd2 46. Qf4 e5 47. Qg5 Kg7 48.
Ra1 h6 49. Qh4 Qf2 50. Qxf2 Rxf2 51. Ra7 Rdd2 52. Rc1 Bd7 53. Rb7 Be6 54. Rc6
Kf6 55. Rxb5 Rxg2 56. Rd6 Rh2+ 57. Kg1 Rdg2+ 58. Kf1 Ra2 59. Kg1 Rhb2 60. Rd1
Kg5 61. Rxe5+ Kf4 62. Rc5 Kg3 0-1

[Event "Chigorin Mem Blitz 2015"]
[Site "St Petersburg RUS"]
[Date "2015.10.02"]
[Round "4.5"]
[White "Belous, Vladimir"]
[Black "Ushenina, Anna"]
[Result "1-0"]
[WhiteTitle "GM"]
[BlackTitle "GM"]
[WhiteElo "2566"]
[BlackElo "2426"]
[WhiteFideId "4174003"]
[BlackFideId "14110911"]
[EventDate "2015.10.02"]

1. Nf3 d5 2. g3 Bg4 3. Bg2 Nd7 4. O-O c6 5. d3 e6 6. Qe1 Bd6 7. e4 Ne7 8. b3 O-O
9. Bb2 Bh5 10. Nbd2 a5 11. a3 Re8 12. h3 a4 13. b4 c5 14. b5 Rc8 15. c4 dxc4 16.
Nxc4 Bb8 17. Qc3 f6 18. Qc2 Nb6 19. Nxb6 Qxb6 20. Qxa4 Red8 21. Qc4 Bf7 22. a4
e5 23. Qc3 c4 24. d4 exd4 25. Nxd4 Be5 26. Rfd1 Rd7 27. f4 Bxd4+ 28. Rxd4 Rcd8
29. Rd1 Qa7 30. Kh2 Rxd4 31. Rxd4 Re8 32. Qb4 Nc8 33. a5 Qb8 34. b6 Ne7 35. Rd7
Nc6 36. Qc5 Qc8 37. Rc7 Qa8 38. Bc3 Rc8 39. Rxc8+ Qxc8 40. e5 fxe5 41. fxe5 h5
42. a6 Be8 43. a7 Nxa7 44. bxa7 Qxc5 45. a8=Q Qb5 46. Qxb7 Qa4 47. e6 1-0

[Event "Chigorin Mem Blitz 2015"]
[Site "St Petersburg RUS"]
[Date "2015.10.02"]
[Round "4.6"]
[White "Novik, Maxim"]
[Black "Maletin, Pavel"]
[Result "0-1"]
[WhiteTitle "GM"]
[BlackTitle "GM"]
[WhiteElo "2484"]
[BlackElo "2581"]
[WhiteFideId "4102924"]
[BlackFideId "4146786"]
[EventDate "2015.10.02"]

1. Nf3 g6 2. e4 Bg7 3. d4 d6 4. h3 Nf6 5. Bd3 O-O 6. O-O e6 7. Re1 Nc6 8. c3 e5
9. Na3 Nd7 10. Nc2 h6 11. Bd2 Kh7 12. b4 Qe8 13. b5 Nd8 14. a4 Ne6 15. Be3 a5
16. Qd2 Nb6 17. Na3 Nxa4 18. Nc4 Nb6 19. Nxb6 cxb6 20. dxe5 dxe5 21. Bxb6 a4 22.
Bc4 Qe7 23. Bd5 Nf4 24. c4 a3 25. Ra2 Be6 26. Qe3 Rfc8 27. Rea1 Bxd5 28. cxd5
Qb4 29. Rxa3 Rxa3 30. Rxa3 Rc2 31. Kh2 Re2 32. Qb3 Qxe4 33. d6 Ne6 34. d7 Qf4+
35. g3 Qe4 36. Kg1 Bf6 37. Qd3 Qxd3 38. Rxd3 e4 39. Rd6 exf3 40. g4 Be7 41. Rd3
Nd8 42. Rxf3 Kg7 43. Bd4+ f6 44. Bc3 Kf7 45. h4 Ke6 46. Rd3 Re4 47. f3 Rc4 48.
Bd2 Bd6 49. Bxh6 Kxd7 50. Bf8 Nf7 0-1

[Event "Chigorin Mem Blitz 2015"]
[Site "St Petersburg RUS"]
[Date "2015.10.02"]
[Round "4.7"]
[White "Aleksandrov, Aleksej"]
[Black "Iljin, Timofey"]
[Result "1-0"]
[WhiteTitle "GM"]
[BlackTitle "IM"]
[WhiteElo "2606"]
[BlackElo "2266"]
[WhiteFideId "13500139"]
[BlackFideId "14110180"]
[EventDate "2015.10.02"]

1. d4 d5 2. c4 e6 3. Nc3 Bb4 4. e3 c5 5. a3 Bxc3+ 6. bxc3 Nc6 7. Bd3 Nge7 8. Nf3
dxc4 9. Bxc4 O-O 10. O-O Ng6 11. a4 Qc7 12. Ba3 b6 13. Qe2 Rd8 14. h3 Bb7 15.
Rfd1 e5 16. Rac1 Na5 17. Ba2 e4 18. Nd2 Qd7 19. dxc5 Qxa4 20. Nb1 Rd3 21. Rxd3
exd3 22. Qxd3 Qh4 23. Qf5 Qe7 24. c6 Bc8 25. Qxg6 hxg6 26. Bxe7 Nxc6 27. Bd5 Bd7
28. Ba3 Rc8 29. Rd1 Be8 30. c4 a6 31. g4 b5 32. cxb5 axb5 33. Rc1 Bd7 34. e4 g5
35. Kg2 g6 36. Kg3 Kg7 37. Rc5 b4 38. Bb2+ Kf8 39. Nd2 Ke7 40. Nc4 b3 41. Ne5
Nxe5 42. Rxc8 Bxc8 43. Bxe5 Be6 44. Kf3 1-0

[Event "Chigorin Mem Blitz 2015"]
[Site "St Petersburg RUS"]
[Date "2015.10.02"]
[Round "4.8"]
[White "Zhikharev, Valeriy"]
[Black "Eliseev, Urii"]
[Result "0-1"]
[BlackTitle "GM"]
[WhiteElo "2212"]
[BlackElo "2536"]
[WhiteFideId "4161920"]
[BlackFideId "24131920"]
[EventDate "2015.10.02"]

1. d4 c5 2. d5 d6 3. Nc3 g6 4. e4 Bg7 5. Be2 Nf6 6. Nf3 O-O 7. O-O Na6 8. h3 Nc7
9. Bf4 Rb8 10. a4 a6 11. a5 b5 12. axb6 Rxb6 13. Ra2 Rb4 14. Bd3 Nfxd5 15. Nxd5
Nxd5 16. Bd2 Nf6 17. Bxb4 cxb4 18. Re1 Nd7 19. Qe2 Nc5 20. Bc4 Bb7 21. Bd5 Bc8
22. Rd1 Qc7 23. Qc4 e6 24. Qxb4 exd5 25. Rxd5 Be6 26. Rxc5 dxc5 27. Qa5 Qd7 28.
Ra1 Bxb2 29. Rb1 Bg7 30. Qxa6 h6 31. Qb6 c4 32. Qa6 c3 33. Qe2 Rd8 34. e5 Bf5
35. Nh4 Qd2 36. Re1 Qxe2 37. Rxe2 Rd2 38. Re3 Rxc2 0-1